[Event "Wijk aan Zee NED"]
[Site "Wijk aan Zee NED"]
[Date "2017.01.16"]
[Round "3"]
[White "So, W."]
[Black "Rapport, R."]
[Result "1-0"]
[WhiteElo "2808"]
[BlackElo "2702"]
[PlyCount "95"]
[EventDate "2017.??.??"]

1. Nf3 Nf6 2. g3 b6 3. d4 Bb7 4. c4 e6 5. Bg2 Be7 6. O-O O-O 7. Nc3 Ne4 8. Bd2
Bf6 9. Rc1 Nxd2 10. Qxd2 d6 11. d5 e5 12. e4 Nd7 13. h4 a5 14. Bh3 Nc5 15. Kg2
Bc8 16. Rh1 (16. Bxc8 Qxc8 17. Qe2 Be7 18. Nd2 Nd7 19. Rh1 Nf6 20. Nf1 h5 21.
Ne3 g6 22. Rcg1 Kg7 23. Kf1 Rh8 24. Ke1 Qd7 25. Kd1 Kg8 26. f3 Bf8 27. g4 Rh7
28. Kc2 Be7 29. Rg2 Qd8 30. Kb1 Kh8 31. Nf1 Nd7 32. Rgh2 Kg7 33. Rh3 hxg4 34.
fxg4 Rxh4 35. Rxh4 Bxh4 36. Qh2 Bg5 37. Qh7+ Kf8 38. Nh2 Qf6 39. Rf1 Bf4 40.
Nf3 Ke7 41. Rh1 Bg3 42. Nd2 Qf4 43. Qh3 Nf6 44. Qg2 Qxg4 45. Ne2 Bf4 46. Nxf4
exf4 47. Qf1 Nh5 48. Qd3 Kf8 49. a3 Re8 50. Ka2 Kg7 51. Nf3 Nf6 52. Re1 Nd7 53.
Qc3+ Ne5 54. Rf1 Qh3 55. Qc1 Nxf3 56. Qc3+ f6 57. Rxf3 Qg4 58. Qd3 Rh8 {
0-1 (58) Tomashevsky,E (2731)-Ponomariov,R (2709) Baku 2016}) 16... Bxh3+ 17.
Rxh3 Qd7 18. Nh2 h5 19. f3 g6 20. g4 Kh7 21. Rh1 {It isn't often that one see
both sides preparing for major offensive operations on the kingside like this.
Who is attacking who? White's plan is Nf1-g3 prepared by protecting g4 with
the queen and taking the king out of the x-ray attack on the g-file.} Rg8 22.
Qd1 {This frees up the knight for its repositioning} Bg7 23. Nf1 Bh6 24. Kf2 $2
{This almost ridiculously subtle imprecision is the beginning of trouble for
White, and a creative player like Rapport doesn't need to be asked twice.} ({
With the exact same concept, White needed to play} 24. Ng3 {and only after Kf1,
and not on f2.}) 24... Bc1 $1 {It seems almost innocuous with nearly all
Black's pieces tied in awkward positions, but this causes White quite the
headache.} 25. Ng3 ({Obviously} 25. Qxc1 $4 {fails to} Nd3+) 25... Bxb2 26. Nb5
Bc1 $1 {Time to go back!} 27. gxh5 Bf4 28. Nc3 f5 29. hxg6+ Rxg6 30. Nxf5 Rag8
31. Kf1 b5 $1 {Superb, and the idea is only clear with the next move.} 32. cxb5
Rg2 $1 {Black is completely winning now. The point of ...b5 is now clear.
Without it, White could now play Ne2, but now if Ne2, Black plays Qxb5.} 33.
Qb1 Qf7 $4 (33... Rd2 $1 {was simple and winning.} 34. Ne2 Nd3 35. a4 Nb2 {
and the threat of Rd1 is fatal. Ex:} 36. Kf2 Nxa4 {with the idea of Rxe2+ Kxe2
Nc3+} 37. Rc1 Rb2 {etc.}) 34. Ne2 Qg6 $4 {and now with this blunder it is
White who is winning.} 35. Ne7 Rf2+ {Desperation.} 36. Kxf2 Qg2+ 37. Ke1 Rg3
38. Rxg3 Qxh1+ 39. Rg1 Qxf3 40. Nxf4 Qe3+ 41. Ne2 Nd3+ 42. Qxd3 Qxd3 43. Ng8
Qf3 44. h5 Kh8 45. Rg6 Qh1+ 46. Kd2 Qxe4 47. Nf6 Qb4+ 48. Ke3 1-0

[Event "Tata Steel Masters"]
[Site "?"]
[Date "2017.01.17"]
[Round "4"]
[White "Adhiban, B."]
[Black "Eljanov, Pavel"]
[Result "0-1"]
[WhiteElo "2653"]
[BlackElo "2755"]
[Annotator "Aditya Mittal"]
[PlyCount "112"]
[EventDate "2017.??.??"]
[SourceDate "2017.01.18"]

1. d4 Nf6 2. c4 e6 3. Nf3 b6 4. a3 Bb7 5. Nc3 d5 6. Qc2 c5 $5 {Not the most
popular move.} (6... Be7 {looks logical and natural.}) 7. cxd5 Nxd5 8. dxc5 Be7
$146 {A pawn sacrifice and a novelty! It is clear that Eljanov must have
prepared this.} (8... Bxc5 {is the main move.} 9. Bg5 f6 10. Bd2 {is the main
line with the main game Piket-Lautier}) 9. Bd2 {Not taking the pawn this time
around! Adhiban plays it safe.} (9. cxb6 {was of course the most challenging.
Thinking of this, my mind immediately sees} O-O $5 {Okay. I am not too sure
this best. But it seems fun and interesting. Eljanov might have planned this.}
(9... axb6 {is the computer's choice. But my preference is: Instead of being
one pawn down with no activity, why not devolop your pieces by being two pawns
down?})) 9... O-O $1 {The best.} (9... bxc5 {would be preffered by pawn eaters.
But probably they wouldn't just get such a position because Be7 was already a
pawn sack!}) 10. Rd1 {Adhiban is patient. He doesn't get tempted into anything,
whether good or bad. It is very hard to resist taking on b6, but he can resist
as much as he wants! A skill to applaud.} (10. e4 {was another option. After}
Nxc3 11. Bxc3 bxc5 {I can see 60 games being played. Through another order of
moves!}) 10... bxc5 {Okay, Eljanov has had enough!} (10... Nd7 {I did expect
this.}) 11. e4 Nxc3 12. Bxc3 {Dreev and Sokolov use this line very frequently,
through a different move order.} Qb6 (12... Qc7 {is more popular but there is
nothing wrong with Qb6.}) 13. Ne5 $1 {Capitalising on the c4 outpost.} (13. Nd2
{Why go back when you can go ahead to achieve the same purpose?}) 13... Rd8 14.
Rxd8+ Qxd8 {The main game in this position Riazentsev-Brkik.} (14... Bxd8 {
is an ugly move the computers suggest. Very bad.}) 15. Bb5 $1 {Adhiban has an
eye for activeness and outposts! Now his bishop will be very strong and he is
ready to castle.} (15. Be2 {is the simple move. Make no mistakes though,
Adhiban ain't simple!}) 15... a6 16. Ba4 {Now the bishop is unhindered.} Qc7
17. O-O $14 {According to me, White is better because of Black's damaged pawn
structure and the ability of White to use them to his advantage.} Nc6 18. Nxc6
$6 {A positional concession. The knight should have come back.} (18. Nc4 Nd4
19. Qd3 {Either this way or}) (18. Bxc6 Bxc6 19. Nc4 $14 {this way!}) 18...
Bxc6 19. Rd1 (19. Bxc6 Qxc6 20. Rd1 {keeps Black's structure in misery but now
Black achieves equality with} c4 $1 $11) 19... Bb5 $1 {White's advantage is
now burnt into ashes.} 20. Bb3 h5 $5 {A move only Eljanov can understand. To
me it doesn't look too good though.} (20... Rd8 {I was calculating this and
decided on this move. However White gets an edge with} 21. a4 $1 Rxd1+ 22. Qxd1
Bc6 23. Qe2 {and Black will have a hard time defending the weaknesses.}) (20...
Qc6 $1 {is the best move.}) 21. g3 Qb7 $6 (21... h4 $1 {was the fearless and
probably best move.}) 22. Ba2 $6 (22. a4 $1 {was to be preffered. Now Black
should play} c4 $1 (22... Bc6 23. f3 $16) 23. Ba2 Bc6 24. f3 Rc8 $14 {And
White has to prove his edge.}) 22... Bc6 23. Bb1 {A battery!} Qb5 24. Qd2 $5 {
What was Adhiban trying with this move? Having said that, it doesn't do
anything wrong.} (24. f3 {or}) (24. h4 $1 $14 {looks good.}) 24... Rd8 25. Qe1
$14 {It is a quiet position and as from the beginning, White is slightly
better due to Black's pawns.} h4 {Eljanov being able to win from this position
speaks volumes of his positional understanding.} 26. Rxd8+ Bxd8 27. Qd1 $6 {
Why to this square? The other one is much more active!} (27. Qd2 $1 Be7 28. Bd3
c4 29. Bf1 $14 {was a simple and safe edge for White! Adhiban would have
atleast never losen this position.}) 27... Ba5 28. Bxa5 Qxa5 29. gxh4 {White
is a pawn up, but his pawn structure is scattered.} c4 $1 $15 {Making way for
the queen to come! The computer might show 0.00, but this, according to me, is
already clear edge for Black!} (29... Qc7 {was another way to get the queen
into the game.}) 30. Qe2 $6 (30. Kg2 {is simple chess. No need to make any
decisions yet. Let's see what Black can do!}) 30... c3 $1 31. bxc3 Qxa3 {
The computers agree with me now! Adhiban fell under high pressure and lost now.
} 32. Kg2 a5 $1 {Swift pawn push.} (32... Qxc3 33. Qxa6 {is dead draw.}) 33.
Qc4 Qa4 $1 {Extremely strong understanding shown by Eljanov.} (33... Qd6 {
was the natural move but Eljanov finds more than natural!}) 34. Qxa4 {This was
the simple decision by Adhiban. On more thought, after seeing that Black is
clearly better here, he could have come up with} (34. Qd4 $1 $15) 34... Bxa4
35. Ba2 Bc2 36. Kf3 e5 $1 {Fixing the pawn structure.} 37. Ke3 a4 38. Bd5 a3
39. Ba2 Kf8 $1 $17 {Eljanov plays slowly, realising White can do nothing. I
won't say this is winning, but the pressure is now heating up on White.} (39...
Kh7 {I want the pawn! I want the pawn! Kh7 serves that purpose. But now
Black's pawn won't queen, Black's king is too far away.}) 40. f3 Ke7 41. Kd2
Ba4 42. Kc1 f5 $1 {And Black is winning out of nowhere! I am still figuring
what was Adhiban's decisive mitake.} 43. exf5 (43. Bc4 f4 $3 {is the brilliant
move. This is not a fortress. It is breakable.}) 43... Bc6 {The rest was a
matter of technique for Eljanov.} 44. Kd2 Bxf3 45. c4 Kf6 46. Ke3 Bc6 47. Bb3
Kxf5 48. h3 Ke6 49. Ba2 Kd6 50. Kd3 Kc5 51. Kc3 e4 52. Bb3 Be8 53. Bd1 e3 54.
Be2 Bf7 55. Kb3 Bxc4+ 56. Bxc4 a2 {A brilliant start for Eljanov as he is now
3.5/4 and the sole leader!} 0-1

[Event "Wijk aan Zee"]
[Site "Wijk aan Zee"]
[Date "2017.01.17"]
[Round "4"]
[White "Harikrishna, Pentala"]
[Black "Karjakin, Sergey"]
[Result "1/2-1/2"]
[WhiteElo "2766"]
[BlackElo "2785"]
[Annotator "Sagar Shah"]
[PlyCount "60"]
[EventDate "2017.??.??"]
[EventType "tourn"]
[EventCountry "NED"]
[SourceTitle "playchess.com"]
[Source "ChessBase"]
[TimeControl "40/6000+30:20/3000+30:900+30"]

1. e4 {[%emt 0:00:00]} e5 {[%emt 0:00:38]} 2. Nf3 {[%emt 0:00:00]} Nc6 {
[%emt 0:00:05]} 3. Bc4 {[%emt 0:00:00]} Bc5 {[%emt 0:00:08]} 4. O-O {[%emt 0:
00:08]} Nf6 {[%emt 0:00:03]} 5. d3 {[%emt 0:00:10]} O-O {[%emt 0:00:07]} 6. h3
{[%emt 0:00:06]} d6 {[%emt 0:00:20]} 7. c3 {[%emt 0:00:08]} a6 {9 Karjakin
deviates from h6 which he had played in their previous encounter. He also
places his pawn on a6 instead of a5 as he did in Baku.} ({Here's the Baku
Olympiad game for you to have a look.} 7... h6 {283} 8. Re1 {[%emt 0:00:45]} a5
{28 This move has hardly been played before. Usually Black settles for a6
followed by Ba7. This seems like some preparation for the World Championship
Match!} 9. Bb3 {196} Re8 {440} 10. Nbd2 {154} Be6 {[%emt 0:00:42]} 11. Ba4 {88}
Ba7 {565} 12. Nf1 {434} Rb8 {[%emt 0:00:16]} 13. Bb5 {235 Hari makes the
perfect use of the move a5. The b5 square was weakened and he settles his
bishop on that square.} Bd7 {[%emt 0:00:26]} 14. Ng3 {645} Ne7 {[%emt 0:00:32]}
15. Bxd7 {[%emt 0:00:08]} Qxd7 {[%emt 0:00:04]} 16. d4 {[%emt 0:00:44]} Ng6 {
278} 17. Be3 {123} exd4 {68} 18. Bxd4 {[%emt 0:00:17]} Bxd4 {[%emt 0:00:04]}
19. cxd4 {56 White has a harmonius position and should surely stand slightly
better here.} a4 {456} 20. Rc1 {100} d5 {255} 21. e5 {258} Nh7 {[%emt 0:00:02]}
22. Nh2 {279 Look at the knights on the kingside, all four identically placed.
However, the pawn on e5 gives white the space advantage and the chances for an
attack.} Ng5 {143} 23. Nh5 {443} a3 {979} 24. b4 {425} Ne6 {383} 25. Qd2 {913}
Ng5 {417} 26. Ng4 {54 Slowly but surely the pressure is creeping in.} Qf5 $2 {
31 Karjakin blunders!} 27. Nhf6+ $1 {111 The knight cannot be taken as Nxh6
wins the queen!} Kh8 {[%emt 0:00:07]} (27... gxf6 28. Nxh6+ $18) 28. Nxe8 {
[%emt 0:00:32]} Rxe8 {[%emt 0:00:02]} 29. Rxc7 {117 The rest as they say is
matter of technique, which Harikrishna shows in good measure!} Nf4 {[%emt 0:00:
54]} 30. Qe3 {470} Nge6 {[%emt 0:00:55]} 31. Rc3 {[%emt 0:00:42]} Qg6 {104} 32.
Qg3 {77} Ra8 {[%emt 0:00:08]} 33. Kh2 {122} h5 {170} 34. Ne3 {[%emt 0:00:22]}
Qh7 {[%emt 0:00:02]} 35. Rec1 {207} Qe4 {[%emt 0:00:04]} 36. Rc8+ {114} Rxc8 {
[%emt 0:00:02]} 37. Rxc8+ {[%emt 0:00:06]} Kh7 {[%emt 0:00:03]} 38. Qf3 {83}
Qxf3 {[%emt 0:00:35]} 39. gxf3 {[%emt 0:00:05]} Nxd4 {[%emt 0:00:05]} 40. Rc7 {
[%emt 0:00:00]} b5 {[%emt 0:00:00]} 41. Rxf7 {83} Nde6 {138} 42. Rd7 {[%emt 0:
00:57]} d4 {[%emt 0:00:39]} 43. Nc2 {131} d3 {[%emt 0:00:05]} 44. Ne1 {15 1-0 
(44) Harikrishna,P (2752)-Karjakin,S (2769) Baku 2016}) 8. Re1 {[%emt 0:00:19]}
Ba7 {[%emt 0:00:16]} 9. Bb3 {[%emt 0:00:07]} Re8 {[%emt 0:00:43]} 10. Nbd2 {262
} Be6 {[%emt 0:00:22]} 11. Nf1 {[%emt 0:00:42]} h6 {[%emt 0:00:41]} 12. Be3 {
365} Bxe3 {[%emt 0:00:26]} 13. Nxe3 {[%emt 0:00:08]} Qd7 {[%emt 0:00:20]} 14.
Nh2 {771} Bxb3 {497} 15. axb3 {168} Ne7 {235} 16. b4 {304} d5 {74} 17. Nhg4 {
732} Nxg4 {[%emt 0:00:12]} 18. Qxg4 {363} (18. Nxg4 Ng6 {is around equal.})
18... Rad8 {750} 19. exd5 {840} (19. Nf5 Nxf5 20. exf5 f6 $11) 19... Qxg4 {
[%emt 0:00:18]} 20. hxg4 {290} Nxd5 {[%emt 0:00:14]} 21. Nxd5 {109} Rxd5 {
7 Black experienced absolutely no issues in equalising the game.} 22. d4 {
[%emt 0:00:15]} Kf8 {[%emt 0:00:20]} 23. dxe5 {112} Rexe5 {[%emt 0:00:28]} 24.
Rxe5 {[%emt 0:00:45]} Rxe5 {[%emt 0:00:06]} 25. Kf1 {[%emt 0:00:59]} Ke7 {
[%emt 0:00:11]} 26. Rd1 {[%emt 0:00:06]} h5 {[%emt 0:00:45]} 27. gxh5 {[%emt 0:
00:08]} Rxh5 {[%emt 0:00:03]} 28. Ke2 {[%emt 0:00:09]} Re5+ {[%emt 0:00:06]}
29. Kf1 {[%emt 0:00:30]} Rh5 {[%emt 0:00:17]} 30. Ke2 {[%emt 0:00:04]} Re5+ {
[%emt 0:00:04]} 1/2-1/2

[Event "Rotterdam"]
[Site "Rotterdam"]
[Date "2017.01.19"]
[Round "5"]
[White "Karjakin, Sergey"]
[Black "Adhiban, Baskaran"]
[Result "0-1"]
[WhiteElo "2785"]
[BlackElo "2653"]
[Annotator "Sagar Shah"]
[PlyCount "62"]
[EventDate "2017.??.??"]
[EventType "tourn"]
[EventCountry "NED"]
[SourceTitle "playchess.com"]
[Source "ChessBase"]
[TimeControl "40/6000+30:20/3000+30:900+30"]

1. e4 {[%emt 0:00:00]} e6 {6 This is the first time in his career that Adhiban
has played the French Defence? What motivated him to play this with black?
Your guess is as good as mine!} 2. d4 {[%emt 0:00:00]} d5 {[%emt 0:00:01]} 3.
Nc3 {[%emt 0:00:50]} Nf6 {[%emt 0:00:05]} 4. e5 {[%emt 0:00:05]} Nfd7 {[%emt 0:
00:04]} 5. f4 {[%emt 0:00:05]} c5 {[%emt 0:00:05]} 6. Nf3 {[%emt 0:00:05]} Nc6
{[%emt 0:00:04]} 7. Be3 {[%emt 0:00:06]} Be7 {[%emt 0:00:09]} 8. Qd2 {[%emt 0:
00:56]} a6 {[%emt 0:00:05]} 9. a3 {394} O-O {[%emt 0:00:21]} 10. dxc5 {[%emt 0:
00:31]} Nxc5 {[%emt 0:00:04]} 11. Qf2 {9 All of this has been played before
and has been seen in top level encounters like Kramnik-Meier, Ragger-Bluebaum,
Sethuraman-Korobov and Salem-Svane. The main moves for Black have been either
b6 or Qa5. Adhiban unleashes a novelty.} Nd7 $5 $146 {4 The credit for finding
this move was given by Adhiban to his coach, most likely K. Visweswaran.} 12.
Nd4 {632 Karjakin thinks for 10 minutes and goes for the most critical line.}
Nxd4 {[%emt 0:00:07]} 13. Bxd4 {[%emt 0:00:04]} f6 {4 Adhiban is still in his
preparation. Facing Adhiban when he is well prepared ccan be an unnerving
experience. He moves very quickly and can often unsettle you. But this is
common for players at the level of Karjakin. They are used to this.} 14. exf6 {
[%emt 0:00:48]} Bxf6 {[%emt 0:00:03]} 15. Bxf6 {308} (15. O-O-O $5 b5 $13 (
15... e5 16. Bc5 $1 $14)) 15... Qxf6 {[%emt 0:00:02]} 16. g3 {[%emt 0:00:08]}
g5 $1 {5 The f4 pawn can no longer be held. That being said, no one would like
to weaken his kingside with a move like g5 in an opposite side castling
situation.} 17. O-O-O {242} gxf4 {[%emt 0:00:04]} 18. Kb1 {245 This move
surprised Adhiban.} (18. Rd4 {should have been preferred by Karjakin.} f3 19.
Rf4 Qh6 20. Qxf3 e5 (20... Rxf4 21. gxf4 $16) 21. Qg4+ Kh8 22. Qh4 {The only
way not to lose a rook.} Qxh4 23. Rxh4 Nf6 24. Bg2 Be6 {Black looks fine with
the strong central pawns, but after} 25. Re1 e4 26. Bh3 $14 {White should have
a small edge.}) 18... f3 {488} 19. g4 {491} (19. Rd4 Qg7 20. Bh3 Nf6 21. Qxf3
e5 22. Rh4 Bxh3 23. Rxh3 Ne4 24. Qe2 Nxc3+ (24... Nf2 25. Rh4 $1 Nxh1 26. Rg4
$18) 25. bxc3 e4 $13) 19... Ne5 {373} 20. g5 {67} Qg7 {508} 21. g6 {573
Karjakin plays with great energy. He realizes that he must open the position
of the black king. He is a pawn down already, so he throws another pawn into
the fire. Objectively it might not be a great idea, but as Adhiban says,
practically it was quite a challenging one to face.} hxg6 $1 {424} (21... Nxg6
22. Bd3 {Followed by Rg1 and h4 should give White good attacking chances.}) 22.
Bd3 $6 {786 Once again, not the most challenging move, as this bishop can be
chopped off by the knight anytime.} (22. Rg1 Bd7 23. h4 Rf5 {Black maintains
control.}) (22. h4 Bd7 23. Bh3 {This might be the most complicated way to play
the position. But still Black has the advantage is beyond any doubt.}) 22...
Bd7 {156 Once Adhiban made this move, he was happy because the bishop could
always drop back to e8 and defend the g6 pawn.} 23. Rdg1 {[%emt 0:00:56]} Nxd3
{234} 24. cxd3 {[%emt 0:00:16]} Rf5 {[%emt 0:00:19]} 25. Rg4 {104} Raf8 {
[%emt 0:00:45]} 26. Rhg1 {138} Be8 $19 {265 The bishop defends the g6 pawn and
the rest is not too difficult.} 27. Nd1 {373} Rh5 $6 {1254} (27... Qf6 28. Ne3
Rf4 29. Rxf4 Qxf4 $19 {was easily winning.}) 28. h4 {309} Re5 {543} 29. Ne3 {
458} Bb5 $1 {228} 30. Rd4 {170} (30. Kc2 Rc8+ 31. Kb3 Bxd3 32. Qxf3 Be4 $19) (
30. Nc4 Bxc4 31. dxc4 Rf6 $19) 30... Re4 $5 {217} 31. Rxg6 $2 {423} Bxd3+ $1 {
20 This clear shot ends the game. Karjakin is known as a Master of Defence.
The fact that Adhiban could beat him without any glitches makes it a highly
commendable victory.} (31... Qxg6 {is also winning after} 32. dxe4 dxe4 $19) (
31... Bxd3+ 32. Rxd3 Qxg6 $19) 0-1

[Event "79th Tata Steel GpA"]
[Site "Wijk aan Zee NED"]
[Date "2017.01.20"]
[Round "6.7"]
[White "Rapport, Richard"]
[Black "Wei, Yi"]
[Result "0-1"]
[WhiteElo "2702"]
[BlackElo "2706"]
[Annotator "mycomputer"]
[PlyCount "64"]
[EventDate "2017.01.14"]

1. e4 e5 2. Nf3 Nf6 3. Nxe5 d6 4. Nc4 Nxe4 5. Qe2 Qe7 6. Ne3 Be6 7. Nc3 Nf6 8.
g3 Nc6 9. Bg2 Qd7 10. b4 d5 11. b5 Nd4 12. Qd3 c5 13. O-O O-O-O 14. Re1 h5 15.
h4 g5 16. b6 a6 17. hxg5 Ng4 18. Ncxd5 h4 19. Nc7 (19. Nxg4 $1 {is right.} Bxd5
20. Nf6 Bxg2 21. Nxd7 Nf3+ 22. Qxf3 Bxf3 23. Bb2 Rh5 24. Nxf8 hxg3 25. fxg3
Rxf8) 19... h3 20. Bxb7+ $4 {Winning! Except it's not ... For the second time
in Tata Steel, Rapport blitzed out an exciting tactical sequence where he
seems to have miscalculated.} (20. Nxg4 hxg2 21. Nxe6) 20... Kxb7 21. Qxa6+ Kc6
{Wei Yi's king has been dragged into the center, but there is simply no follow
up for White. Rapport needs a little more light square control, but it doesn't
exist.} 22. Nxg4 (22. Qa4+ Kd6 {is a safe king.}) (22. Rb1 $4 {to demonstrate
some mates.} Nf3+ 23. Kh1 (23. Kf1 Ngh2+ 24. Ke2 Qxd2+ $1 25. Bxd2 Rxd2# {
a nice mate :)}) 23... Nxf2#) 22... Bxg4 23. b7+ Kxc7 24. Qa5+ Kb8 {Wei Yi
repeats for a move, but it seems doubtful that he was ever seriously
considering a draw.} 25. Qa8+ Kc7 26. Qa5+ Kd6 27. Qb6+ Kd5 28. Re3 h2+ 29. Kh1
Qc6 $1 {Beautiful!} 30. Rb1 (30. Qxd8+ Kc4+ {mates.} 31. f3 Qxf3+ {Two
question marks for the boring, ...Bxf3+ ;)} 32. Rxf3 Bxf3#) 30... Qxb6 31. Rxb6
Bd6 32. Bb2 Rde8 {Wei Yi is going after the defender of the f3-square so that
he can use the bishop to mate there. Also, he is up two pieces. Time to resign.
} 0-1

[Event "79th Tata Steel GpA"]
[Site "Wijk aan Zee NED"]
[Date "2017.01.20"]
[Round "6.4"]
[White "Adhiban, Baskaran"]
[Black "So, Wesley"]
[Result "1/2-1/2"]
[WhiteElo "2653"]
[BlackElo "2808"]
[Annotator "mycomputer"]
[PlyCount "77"]
[EventDate "2017.01.14"]

1. e4 e5 2. f4 $5 {Even if you think the King's Gambit is not good, it is hard
to resist enthusiasm when you see the lowest-rated player in the tournament
pull out all the stops against the tournament leader.} exf4 3. Bc4 {The
Bishop's Gambit} d5 (3... Qh4+ {is considered a bit of a mistake (though new
theory questions that ...). Yes, White can't castle, but White's development
is sped up with Nf3.}) 4. Bxd5 Nf6 5. Nc3 Nxd5 6. Nxd5 Bd6 7. Nf3 O-O 8. d4 Re8
9. e5 c6 $2 {Now Adhiban has an advantage.} (9... c5 $5 {is balanced according
to the engine. It is at least very interesting :)} 10. c3 cxd4 11. cxd4 f6) 10.
Nxf4 f6 11. Nd3 fxe5 12. dxe5 Qb6 13. Qe2 Bf5 14. Be3 Qa5+ 15. c3 Bc7 16. O-O
Qa6 17. Rad1 Nd7 18. Bd4 $2 {now So regains the pawn and the position is
pretty quickly a draw.} c5 $1 19. Bf2 Nxe5 20. Nfxe5 Bxe5 21. Qf3 Be4 $1 {
Funnily enough, this resource is essential for Black. Otherwise, he is still
worse.} 22. Qh3 (22. Qxe4 $4 Bxh2+ {fools no one.}) 22... Bxd3 23. Qxd3 Qxa2
24. Bxc5 Qxb2 25. Bxa7 $1 {Another fine move!} Bxc3 (25... Rxa7 {is possible.}
26. Qd5+ Kh8 27. Qxe5 Raa8 {gives an equal position.} (27... Rxe5 $4 28. Rf8#))
26. Bf2 Be5 27. Rb1 Qa2 28. Rxb7 Rf8 29. Qb3+ Qxb3 30. Rxb3 Ra2 31. Rf3 {
Adhiban damages his structure, but the result is still obviously drawn.} Rxf3
32. gxf3 Kf7 33. Bg3 Bd4+ 34. Kh1 Rd2 35. Bf4 Re2 36. Rd1 Bc3 37. Rd3 Bb4 38.
Rd4 Bc5 39. Rd2 1/2-1/2